| 000 | 00646nmc a2200277 a 4500 | ||
|---|---|---|---|
| 003 | AR-BaBNM | ||
| 005 | 20251128211321.0 | ||
| 008 | 054020s1981 ||||||||||||||000 | spa|| | ||
| 020 | _a84-02-07814-1 | ||
| 040 | _cAR-BaBNM | ||
| 100 | 1 | _aRoth, Joseph | |
| 245 | 1 | 0 | _aJob |
| 250 | _a1ª ed. | ||
| 260 |
_aBarcelona _bBruguera _c1981 |
||
| 300 | _a188 p. | ||
| 490 | 0 | _aLibro amigo | |
| 650 | 4 | _aNOVELAS | |
| 650 | 4 | _aLITERATURA CONTEMPORANEA | |
| 650 | 4 | _aREALISMO | |
| 650 | 4 | _aJUDIOS | |
| 653 | _aLITERATURA AUSTRIACA | ||
| 655 | _aLITERATURA | ||
| 700 | 1 |
_aRamos, Bernabé Eder _etraductor |
|
| 942 | _cBK | ||
| 998 | _cmartin | ||
| 999 |
_c19132 _d19132 |
||